000
00326nam a2200133Ia 4500
005
20251222144642.0
008
251222s9999||||xx |||||||||||||| ||spa||
020
_a
84-235-2381-0
082
_a
028.55/M86
100
_a
Moreno Bayona, VĂctor
245
0
_a
Leer para comprender
264
_b
Gobierno de Navarra
942
_c
LIB
999
_c
16737
_d
16737